| 000 | 00971nam a2200217Ia 4500 | ||
|---|---|---|---|
| 999 |
_c52646 _d52646 |
||
| 001 | 19670 | ||
| 003 | GE_BSU | ||
| 005 | 20250130104403.0 | ||
| 008 | 181216s2016||||ge |||||||||||||| ||geo|| | ||
| 040 | _cGE_BSU | ||
| 041 | _ageo | ||
| 080 | _a371.12(479.223) ბ-12 | ||
| 100 |
_aბასილაძე, ნოდარ _92673 |
||
| 245 |
_aუჩინარი მხვნელ-მთესველნი გონებრივი ყანისა / _cნოდარ ბასილაძე ; რედ. მამია ფაღავა. |
||
| 264 |
_aბათუმი : _bივერიონი, _c2016. |
||
| 300 |
_a503 გვ. : _bფოტო პორტრეტები ; _c21 სმ. |
||
| 500 | _aმოკლე ბიოგრაფიული აღწერილობები | ||
| 653 | _aპედაგოგიკა | ||
| 700 |
_aფაღავა, მამია _eრედაქტორი _97754 |
||
| 942 |
_cBK _2udc |
||